Vista normal
Vista MARC
Entrada Nombre corporativo
Número de registros utilizados en: 6
001 - NÚMERO DE CONTROL
- Campo de control: 4653
003 - IDENTIFICADOR DE NÚMERO DE CONTROL
- Campo de control: ES-MaCES
005 - FECHA Y HORA DE LA ULTIMA MODIFICACION
- Campo de control: 20080603140300.0
008 - ELEMENTOS DE DATOS DE LONGITUD FIJA
- Campo de longitud fija: 080603 | azznnaabn |n ana d
035 ## - NÚMERO DE CONTROL DEL SISTEMA
- Número de control del sistema: CES20080000707e
040 ## - FUENTE DE LA CATALOGACIÓN
- Agencia original de catalogación: ES-MaCES
- Idioma de catalogación: spa
- Agencia de transcripción: ES-MaCES
110 2# - ENCABEZAMIENTO--NOMBRE CORPORATIVO
- Nombre corporativo o de jurisdicción como elemento de entrada: Observatorio Estatal de Violencia sobre la Mujer (España)
670 ## - FUENTE DE DATOS ENCONTRADOS
- Fuente de citación: CD del CES
- Información encontrada: : la Ley orgánica 1/2004, de 28 de diciembre, crea el Observatorio Estatal de Violencia sobre la Mujer, como órgano colegiado adscrito al MTYASS, a través de la Delegación Especial de Gobierno contra la Violencia sobre la Mujer
901 ## - CES. DATOS SIRTEX
- ID Sirtex (N5N8): 0001800007062
- 005BIS Sirtex: 200806031401ALORITE

